A világ mint akarat és képzet a történelemről /
Elmentve itt :
| Szerző: | |
|---|---|
| További közreműködők: | |
| Dokumentumtípus: | Könyv része |
| Megjelent: |
1994
|
| Sorozat: | Ész, élet, egzisztencia
Történetfilozófia 1. |
| Kulcsszavak: | Történetfilozófia |
| Tárgyszavak: | |
| Online Access: | http://acta.bibl.u-szeged.hu/9434 |
| LEADER | 00809naa a2200241 i 4500 | ||
|---|---|---|---|
| 001 | acta9434 | ||
| 005 | 20211216140811.0 | ||
| 008 | 161015s1994 hu o 0|| hun d | ||
| 022 | |a 0866-028X | ||
| 040 | |a SZTE Egyetemi Kiadványok Repozitórium |b hun | ||
| 041 | |a hun | ||
| 100 | 1 | |a Schopenhauer Arthur | |
| 245 | 1 | 2 | |a A világ mint akarat és képzet |h [elektronikus dokumentum] : |b a történelemről / |c Schopenhauer Arthur |
| 260 | |c 1994 | ||
| 300 | |a 7-17 | ||
| 490 | 0 | |a Ész, élet, egzisztencia | |
| 490 | 0 | |a Történetfilozófia 1. | |
| 650 | 4 | |a Bölcsészettudományok | |
| 650 | 4 | |a Filozófia, etika és vallástudományok | |
| 695 | |a Történetfilozófia | ||
| 700 | 0 | 1 | |a Juhász Anikó |
| 700 | 0 | 1 | |a Csejtei Dezső |
| 856 | 4 | 0 | |u http://acta.bibl.u-szeged.hu/9434/1/esz_004_007-017.pdf |z Dokumentum-elérés |